| 000 | 00558nam 22001813 4500 | ||
|---|---|---|---|
| 001 | 199511 | ||
| 090 | _a199511 | ||
| 100 | _a20251215d u||y0pory50 ba | ||
| 200 |
_aOnde o lobo espreita _fAyelet Gundar-Goshen _gtradução do hebraíco Lúcia Liba Mucsnik |
||
| 205 | _a1ª | ||
| 210 |
_aLisboa _cPenguim Random House _d2023 |
||
| 215 |
_a312 p. _cbrochado _d22 cm |
||
| 606 |
_92241 _aLiteratura Israelita |
||
| 675 |
_a821.411.16-3 _vPT _zpor |
||
| 700 |
_915354 _aGundar-Goshen _bAyelet _f1982- |
||
| 801 |
_aPT _bBMMN _gRPC |
||
| 830 |
_cFernando _fFernando |
||
| 990 | _cLIVROS | ||